000 00440pab a2200157 454500
008 180718b2010 xxu||||| |||| 00| 0 eng d
100 _aBreman, Jan
245 _aThe political economy of unfree labour in South Asia: determining the nature and scale of debt bondage
260 _c2010
300 _ap.137-160.
362 _aJan-Mar
650 _aLabour
773 _aIndian Journal of Labour Economics
908 _aN
909 _a89247
999 _c89247
_d89247